|
|
|
|
| LEADER |
00694nam a22002292a 4500 |
| 001 |
000732751 |
| 003 |
CZ BrMZK |
| 005 |
20041202101211.0 |
| 007 |
ta |
| 008 |
040907s1899 xr er|||||||||||cze d |
| 040 |
|
|
|a BOA001
|b cze
|c BOA001
|
| 100 |
1 |
|
|a Radimský, Václav,
|d 1867-1946
|7 jn19990209707
|4 aut
|
| 245 |
1 |
0 |
|a Souborná výstava Václava Radimského
|
| 260 |
|
|
|a Praha
|b [s.n.],
|c 1899
|f (Otto)
|
| 300 |
|
|
|a 1 sv. (nestránkováno)
|
| 490 |
1 |
|
|a Topičův salon
|
| 830 |
|
0 |
|a Topičův salon
|
| 910 |
|
|
|a BOA001
|b 1-0085.853
|k r
|
| 964 |
|
|
|a Bohemika - stol. 19.
|
| 990 |
|
|
|a BK
|
| 993 |
|
|
|a Y
|
| 996 |
6 |
|
|b 2619212474
|c 1-0085.853
|l MZK
|r Sklad / do 1 hodiny
|n 4
|w 000732751
|u 000010
|a 1
|e BOA001
|j MZK50
|s P
|